000 01226nam a2200337 i 4500
003 DO-SdBNP
005 20240503073631.0
007 ta
008 230328b1984 sp ||||| |||| 00| 0 spa d
020 _a8420610003 v.1
020 _a8420600016 v.2
040 _aDO-SdBNP
_bspa
_cBNPHU
_erda
082 4 _a863.3
_bC419i 1984
_222
100 1 _aCervantes Saavedra, Miguel de,
_d1547-1616
_93070
240 _aDon Quijote de la Mancha
245 1 3 _aEl ingenioso caballero Don Quijote de la mancha (1615) /
_cMiguel de Cervantes Saavedra ; introducción y notas Joaquín Casalduero
264 _aMadrid :
_bAlianza,
_c1984.
300 _avolumen;
_c18 cm.
336 _2rdacontent
_atexto
_btxt
337 _2rdamedia
_asin mediación
_bn
338 _2rdacarrier
_avolumen
_bnc
490 0 _aEl libro de bolsillo
_v1000-1001
500 _aIncluye referencias bibliográficas y notas al pie de las páginas
590 _aInventariado, 2023/BT
650 4 _aNovela española
_91123
650 4 _aLiteratura española
_9632
700 1 _aCasalduero, Joaquín,
_eintroducción y notas
_915860
830 0 _aEl libro de bolsillo
_n1000
_983213
910 _aBtavárez /Validado. Control de calidad MFF
942 _2ddc
_cLBS1
999 _c53175
_d53175